书目信息 |
| 题名: |
《广韵》四声韵字今音表
|
|
| 作者: | 周祖谟 编 | |
| 分册: | ||
| 出版信息: | 北京 中华书局 1980 |
|
| 页数: | 79页 | |
| 开本: | 25cm | |
| 丛书名: | ||
| 单 册: | ||
| 中图分类: | H113.3 | |
| 科图分类: | ||
| 主题词: | ||
| 电子资源: | ||
| ISBN: | ||
| 000 | 00684nam0 2200253 45 | |
| 001 | 0180004624 | |
| 005 | 20131015141012.09 | |
| 010 | @dCNY0.87 | |
| 091 | @a9018.102 | |
| 100 | @a19950114d1980 em y0chiy0121 ea | |
| 101 | 0 | @achi |
| 102 | @aCN@b110000 | |
| 105 | @ak z 000yy | |
| 106 | @ar | |
| 200 | 12 | @a《广韵》四声韵字今音表@A《 guang yun》 si sheng yun zi jin yin biao@f周祖谟编著 |
| 210 | @a北京@c中华书局@d1980 | |
| 215 | @a79页@d25cm | |
| 605 | @a广韵@x注释 | |
| 605 | @a韵书@z北宋 | |
| 690 | @aH113.3@v3 | |
| 701 | 0 | @a周祖谟@Azhou zu mo@4编 |
| 801 | 0 | @aCN@b上海图书馆@c20040421 |
| 801 | 2 | @aCN@bNLC@c20040421 |
| 905 | @f3@b107767-769@dH113.3@e117@f1@b217665 | |
| 《广韵》四声韵字今音表/周祖谟编著.-北京:中华书局,1980 |
| 79页;25cm |
| ISBN :CNY0.87 |
| ● |
| 相关链接 |
|
|
|
|
正题名:《广韵》四声韵字今音表
索取号:H113.3/117
 
预约/预借
| 序号 | 登录号 | 条形码 | 馆藏地/架位号 | 状态 | 备注 |
| 1 | 0107767 | 000830952 | 第四借阅区/ [索取号:H113.3/117] | 在馆 | |
| 2 | 0107768 | 000830943 | 第四借阅区/ [索取号:H113.3/117] | 在馆 | |
| 3 | 0107769 | 000830934 | 修补库/ [索取号:H113.3/117] | 在馆 | |
| 4 | 0217665 | 000830970 | 第四借阅区/ [索取号:H113.3/117] | 在馆 |